000 00941nam a2200277 i 4500
003 DO-SdBNP
005 20241011114255.0
007 ta
008 241011s1983 dr ao 001 0 spa d
040 _aDO-SdBNP
_bspa
_cBNPHU
_erda
082 _bT233
_222
100 1 _4aut.
_aTaveras, Rafael
_973924
_eautor
245 1 3 _aEl nuevo rostro de la izquierda /
_cRafael (Fafa) Taveras
264 1 _aSanto Domingo :
_bEdiciones Bloque socialista,
_c1983.
300 _a218 páginas
_bilustraciones, fotografías
_c21 cm.
336 _atexto
_btxt
_2rdacontent
337 _asin mediación
_bn
_2rdamedia
338 _avolumen
_bnc
_2rdacarrier
490 _aSiempre abril
500 _aIncluye datos biografícos del autor en las solapas.
590 _aInventariado, 2024/ YL
650 4 _aSindicalismo
_zRepública Dominicana
_xEnseñanza
_953988
650 4 _aSindicatos
_zRepública Dominicana
_97318
910 _aYLockward
942 _2ddc
_cLBS1
999 _c57832
_d57832